[Event "Manila ol (Men)"]
[Site "Manila"]
[Date "1992.??.??"]
[Round "?"]
[White "Castro Rojas, Oscar Humberto"]
[Black "Shabalov, Alexander"]
[Result "0-1"]
[WhiteElo "2385"]
[BlackElo "2535"]

1.e4 Nf6 2.Nc3 d5 3.exd5 Nxd5 4.Bc4 Nb6 5.Bb3 Nc6 6.Qf3 e6 7.Nge2 Be7 8.O-O O-O
9.d4 Nxd4 10.Nxd4 Qxd4 11.Bf4 Bd6 12.Bxd6 Qxd6 13.Rad1 Qe7 14.a4 a5 15.Rfe1 Ra6
16.Nb5 h6 17.c3 Qc5 18.Qg3 c6 19.Re5 Qe7 20.Nd4 Qf6 21.Re4 Nd5 22.Rd3 Ne7
23.Bc4 Ra8 24.h3 Nf5 25.Nxf5 exf5 26.Rd6 Qxd6 27.Qxd6 fxe4 28.g4 Re8 29.Qc7 Be6
30.Bxe6 Rxe6 31.Qxb7 Rd8 32.b4 Rd1+ 33.Kg2 Rd2 34.Kf1 Rf6 35.Qb6 Rf3 36.Kg2 Rfxf2+
37.Kg1 Rfe2 38.Kf1 Rh2 39.Kg1 Rdg2+ 40.Kf1 Rb2  0-1

[Event "New York Marshall CC"]
[Site "New York"]
[Date "1992.??.??"]
[Round "6"]
[White "Edelman, Daniel"]
[Black "Shabalov, Alexander"]
[Result "0-1"]
[WhiteElo "2400"]
[BlackElo "2525"]

1.e4 c5 2.Nf3 g6 3.d4 cxd4 4.Qxd4 Nf6 5.Bb5 Nc6 6.Bxc6 bxc6 7.e5 Nd5 8.O-O Bg7
9.c4 Nb4 10.Na3 d6 11.c5 Nd5 12.cxd6 exd6 13.Bg5 dxe5 14.Qc5 Qb6 15.Qd6 f6
16.Nc4 Qc7 17.Qa3 fxg5 18.Nd6+ Kd7 19.Nf7 Re8 20.Rac1 Re7 21.N3xg5 h6 22.Rfd1 hxg5
23.Rxd5+ Ke8 24.Nd6+ Kf8 25.Nb5 Qb6 26.Rxc6 Qxc6 27.Rd8+ Kf7 28.Nd6+ Kf6
29.h4 gxh4 30.Qe3 Bf5 31.f4 Rxd8  0-1

[Event "New York Marshall CC"]
[Site "New York"]
[Date "1992.??.??"]
[Round "9"]
[White "Waitzkin, Joshua"]
[Black "Shabalov, Alexander"]
[Result "0-1"]
[WhiteElo "2310"]
[BlackElo "2525"]

1.e4 e6 2.d4 d5 3.Nd2 Nf6 4.e5 Ng8 5.c3 c5 6.Ngf3 Nc6 7.dxc5 a5 8.a4 Bxc5
9.Nb3 Ba7 10.h4 Nge7 11.h5 h6 12.Bd3 Bd7 13.Qe2 Qc7 14.O-O O-O 15.Bc2 f6
16.Qd3 Nf5 17.exf6 Rxf6 18.g4 Qg3+ 19.Kh1 Qxg4 20.Nh2 Qh4 21.Nd2 Ne5 22.Qe2 Bc6  0-1

[Event "New York Marshall CC"]
[Site "New York"]
[Date "1992.??.??"]
[Round "10"]
[White "Shabalov, Alexander"]
[Black "Sagalchik, Gennadij"]
[Result "1/2-1/2"]
[WhiteElo "2525"]
[BlackElo "2490"]

1.Nf3 Nf6 2.c4 e6 3.g3 d5 4.d4 dxc4 5.Bg2 c5 6.O-O Nc6 7.Qa4 Bd7 8.Qxc4 cxd4
9.Nxd4 Rc8 10.Nxc6 Bxc6 11.Bxc6+ Rxc6  1/2-1/2

[Event "New York Marshall CC"]
[Site "New York"]
[Date "1992.??.??"]
[Round "11"]
[White "Ibragimov, Ildar"]
[Black "Shabalov, Alexander"]
[Result "1/2-1/2"]
[WhiteElo "2540"]
[BlackElo "2525"]

1.e4 c5 2.g3 Nc6 3.Bg2 g6 4.d3 Bg7 5.f4 d6 6.Nf3 Bg4 7.c3 Nf6 8.h3 Bxf3 9.Qxf3 Rc8
10.O-O O-O 11.Be3 Nd7 12.Nd2 b5 13.a3 a5 14.Qf2 b4 15.axb4 axb4 16.Rfc1 Qb6
17.Nf3 Ra8 18.d4 Rxa1 19.Rxa1 bxc3 20.bxc3 Qb3 21.Qe1 Rb8 22.e5 cxd4 23.cxd4 d5
24.Nd2 Qb5 25.Bf1 Qb6 26.Ra6 Qb7 27.Qa1 e6 28.Qa4 Nb6 29.Qb5 Bf8 30.Ra1 Qc7
31.Qe2 Nb4 32.Bf2 Qc3 33.Rb1 Ra8 34.Nf3 Ra2 35.Be1 Qa3 36.Bxb4 Bxb4 37.Qd3 Nc4
38.Qxa3 Bxa3 39.Rb8+ Kg7 40.Bxc4 dxc4 41.Rc8 Rc2 42.Ng5 c3 43.Rc7 Kg8 44.Rc8+ Kg7
45.Rc7 Kf8 46.Rc8+ Kg7  1/2-1/2

[Event "Oberwart op"]
[Site "Oberwart"]
[Date "1992.??.??"]
[Round "5"]
[White "Haba, Petr"]
[Black "Shabalov, Alexander"]
[Result "0-1"]
[WhiteElo "2505"]
[BlackElo "2525"]

1.d4 d5 2.c4 c6 3.Nf3 Nf6 4.Nc3 e6 5.Bg5 dxc4 6.e4 b5 7.e5 h6 8.Bh4 g5 9.Nxg5 hxg5
10.Bxg5 Nbd7 11.g3 Qb6 12.exf6 c5 13.Bg2 Bb7 14.d5 O-O-O 15.O-O b4 16.Na4 Qb5
17.dxe6 Bxg2 18.Kxg2 Qc6+ 19.f3 Qxe6 20.h4 Bh6 21.Qc1 Bxg5 22.Qxg5 Rhg8 23.Qf4 Qc6
24.b3 c3 25.Rad1 Rde8 26.Rfe1 Rxe1 27.Rxe1 Qc7 28.Re4 Qxf4 29.Rxf4 Kb8 30.Re4 Rd8
31.f4 Nxf6 32.Rc4 Rd2+ 33.Kh3 Nd7 34.Nxc5 Nb6 35.Na6+ Kb7 36.Rc7+ Kxa6 37.h5 Rd7  0-1

[Event "Oberwart op"]
[Site "Oberwart"]
[Date "1992.??.??"]
[Round "8"]
[White "Shabalov, Alexander"]
[Black "Stanec, Nikolaus"]
[Result "1-0"]
[WhiteElo "2525"]
[BlackElo "2345"]

1.d4 Nf6 2.c4 g6 3.Nc3 Bg7 4.e4 d6 5.Nf3 O-O 6.h3 e5 7.d5 Na6 8.Bg5 h6 9.Be3 Nc5
10.Nd2 a5 11.g4 Nh7 12.Rg1 Kh8 13.Qf3 f5 14.gxf5 gxf5 15.O-O-O f4 16.Bxc5 dxc5
17.Qh5 Qe8 18.Qxe8 Rxe8 19.Nb5 Re7 20.Nf3 Nf8 21.Nh4 Bf6 22.Ng6+ Nxg6 23.Rxg6 Bg5
24.d6 cxd6 25.Rdxd6 f3+ 26.Kc2 Bd7 27.h4 Bf4 28.Nc3 Be8 29.Rgf6 Rg7 30.Bh3 Bc6
31.Kd3 Rg1 32.Rf7 Rg7 33.Rxg7 Kxg7 34.Nd5 Rf8 35.h5 Rf7 36.Rg6+ Kf8 37.Nxf4 Rxf4
38.Bf5 Rh4 39.Rxh6 Rh1 40.Ke3 Be8 41.Rh8+ Ke7 42.h6  1-0

[Event "World op"]
[Site "Philadelphia"]
[Date "1992.??.??"]
[Round "3"]
[White "Shabalov, Alexander"]
[Black "Getz, Shelby D"]
[Result "1-0"]
[WhiteElo "2535"]
[BlackElo "2295"]

1.d4 Nf6 2.c4 e5 3.dxe5 Ng4 4.e3 Nxe5 5.Nh3 Ng6 6.Qh5 Nc6 7.Nc3 Bb4 8.Bd2 d6
9.Be2 Qf6 10.a3 Ba5 11.b4 Bb6 12.O-O Qf5 13.Qxf5 Bxf5 14.Ng5 O-O 15.Nd5 Rfe8
16.Nf3 Nce7 17.Nc3 Rad8 18.Rfd1 c6 19.Be1 Ne5 20.Nd4 Bc8 21.a4 Bc7 22.a5 d5
23.cxd5 Nxd5 24.Nxd5 Rxd5 25.a6 Bb6 26.axb7 Bxb7 27.Nf5 Re6 28.Bc3 Kf8 29.Bd4 g6
30.Ng3 h5 31.Ne4 Bc8 32.Bxb6 axb6 33.Ra8 Rxd1+ 34.Bxd1 Re8 35.Nd6 Bd7 36.Nxe8 Bxe8
37.Be2 Ke7 38.f4 Nd7 39.Bf3 Nf6 40.Ra6 Kd6 41.Rxb6 Kc7 42.Ra6 Nd5 43.Bxd5 cxd5
44.Rf6 Kd7 45.b5  1-0

[Event "World op"]
[Site "Philadelphia"]
[Date "1992.??.??"]
[Round "8"]
[White "Shabalov, Alexander"]
[Black "Zlotnikov, Mikhail"]
[Result "1/2-1/2"]
[WhiteElo "2535"]
[BlackElo "2355"]

1.e4 c6 2.d4 d6 3.f4 Qb6 4.Nc3 g6 5.Bc4 Nf6 6.Bb3 d5 7.e5 Ng8 8.h3 h5 9.Nf3 Nh6
10.Be3 Nf5 11.Bf2 h4 12.O-O e6 13.Ne2 Na6 14.a4 Be7 15.c3 Bd7 16.Bc2 Qd8
17.Bd3 Nc7 18.b4 Kf8 19.Qb3 Kg7 20.b5 cxb5 21.axb5 a6 22.b6 Nb5 23.c4 dxc4
24.Bxc4 Bc6 25.d5 Bxd5 26.Rfd1 Bxc4 27.Qxc4 Qc8 28.Qxc8 Rhxc8 29.Rd7 Rab8
30.Ned4 Nbxd4 31.Nxd4 Nxd4 32.Bxd4 Bc5 33.Rd1 a5 34.Bxc5 Rxc5 35.Re7 Rc4
36.f5 gxf5 37.Rdd7 Rf8 38.Rxe6 a4 39.Red6 a3 40.Rd2 Re8 41.Rxb7 Ra4 42.Ra2 Rxe5
43.Rc7 Re1+ 44.Kf2 Rb1 45.b7 Rb3  1/2-1/2

[Event "Reno op"]
[Site "Reno"]
[Date "1992.??.??"]
[Round "5"]
[White "Shabalov, Alexander"]
[Black "Kelson, Richard"]
[Result "1/2-1/2"]
[WhiteElo "2525"]
[BlackElo "2310"]

1.d4 Nf6 2.c4 e6 3.Nc3 Bb4 4.Qc2 Nc6 5.Nf3 d6 6.h3 e5 7.dxe5 dxe5 8.Bg5 h6
9.Bh4 Qe7 10.e3 Bxc3+ 11.bxc3 g5 12.Bg3 Nh5 13.Bh2 Ng7 14.Be2 f5 15.Rd1 O-O
16.O-O f4 17.Rfe1 Nf5 18.Bd3 Qg7 19.Be4 Nfe7 20.Kh1 Bf5 21.exf4 exf4 22.Nd4 Nxd4
23.Rxd4 Bxe4 24.Rdxe4 Nf5 25.Re5 Qf7 26.Bg1 Rad8 27.f3 b6 28.c5 Rd5 29.Bf2 Ne3
30.Qe4 Rxe5 31.Qxe5 Re8 32.Qd4 Qxa2 33.Bxe3 fxe3 34.Rxe3 Rxe3 35.Qxe3 Qd5
36.Qe8+ Kg7 37.Qe7+ Kg6 38.Qxc7 bxc5 39.Kh2 a5 40.Qb6+ Kg7 41.Qc7+ Qf7 42.Qxa5  1/2-1/2

[Event "Suhr op"]
[Site "Suhr"]
[Date "1992.??.??"]
[Round "3"]
[White "Shabalov, Alexander"]
[Black "Ambroz, Jan"]
[Result "1-0"]
[WhiteElo "2535"]
[BlackElo "2415"]

1.d4 e6 2.c4 Nf6 3.Nc3 Bb4 4.Qc2 d6 5.Bg5 Nbd7 6.e3 O-O 7.Bd3 h6 8.Bh4 Bxc3+
9.bxc3 e5 10.Ne2 c5 11.O-O g5 12.Bg3 Re8 13.f3 Nf8 14.Bf2 Kg7 15.Ng3 Ng6
16.Rad1 Qc7 17.Bf5 Ne7 18.Bxc8 Raxc8 19.Rfe1 Qc6 20.h3 b6 21.f4 e4 22.fxg5 hxg5
23.Rf1 Rh8 24.Be1 Rh6 25.Rd2 cxd4 26.cxd4 d5 27.Rdf2 Kh8 28.Bb4 Neg8 29.Nf5 Rg6
30.Bd6 Nd7 31.c5 Nf8 32.Be5+ f6 33.Ne7 Nxe7 34.Rxf6 Rxf6 35.Rxf6 Kh7 36.Qf2 Ne6
37.Rf7+ Ng7 38.Rxg7+ Kh6 39.Rxe7 Rg8 40.Qf7  1-0

[Event "Suhr op"]
[Site "Suhr"]
[Date "1992.??.??"]
[Round "5"]
[White "Costa, Jean Luc"]
[Black "Shabalov, Alexander"]
[Result "1/2-1/2"]
[WhiteElo "2425"]
[BlackElo "2535"]

1.d4 Nf6 2.c4 c5 3.d5 e6 4.Nc3 exd5 5.cxd5 g6 6.e4 d6 7.h3 Bg7 8.Nf3 O-O
9.Bd3 Bd7 10.O-O b5 11.Re1 c4 12.Bc2 b4 13.Ne2 Na6 14.Ned4 Rc8 15.Bf4 Qb6
16.b3 c3 17.Ne2 Rfd8 18.Ng3 Nc5 19.Be3 a5 20.Bd4 Bb5 21.Qc1 Re8 22.a4 Ba6
23.Qf4 Qd8 24.Rad1 Qe7 25.Nh4 Nxd5 26.exd5 Qxe1+ 27.Rxe1 Rxe1+ 28.Kh2 Bxd4
29.Qxd4 Bd3 30.Bxd3 Nxd3 31.Qf6 Rh1+ 32.Kxh1 c2 33.Ne2 Re8 34.Nf5 gxf5 35.Qg5+ Kf8
36.Qh6+ Kg8 37.Qg5+ Kf8 38.Qh6+ Kg8 39.Qg5+  1/2-1/2

[Event "Suhr op"]
[Site "Suhr"]
[Date "1992.??.??"]
[Round "6"]
[White "Shabalov, Alexander"]
[Black "Brunner, Lucas"]
[Result "1/2-1/2"]
[WhiteElo "2535"]
[BlackElo "2500"]

1.Nf3 Nf6 2.c4 e6 3.Nc3 d5 4.d4 c5 5.cxd5 Nxd5 6.Bd2 Nc6 7.dxc5 Bxc5 8.a3 O-O
9.e3 Nxc3 10.Bxc3 Qxd1+ 11.Rxd1 Rd8 12.Rxd8+ Nxd8 13.Bd3 Bd7 14.Ke2 Rc8 15.Rd1 Ba4
16.Rc1 Be7 17.g4 Bc6 18.Ne5 Be8 19.f4 Nc6 20.Nf3 f6 21.Rg1 Bg6 22.e4 Rd8
23.b4 a6 24.Rb1 Bd6 25.Bd2 Bf7 26.a4 e5 27.b5 axb5 28.axb5 Ne7 29.fxe5 Bxe5
30.Nxe5 fxe5 31.Bg5 Rd7 32.Rc1 Be6 33.h3 Ng6 34.Rc8+ Kf7 35.Rb8 h6 36.Bd2 Nf4+
37.Bxf4 exf4 38.b6 Kf6 39.Bb5 Re7 40.Kf3 Ke5 41.Ba4 g5 42.Rh8 Ba2 43.Rxh6 Bb1
44.Kf2 Bxe4 45.Rh5  1/2-1/2

[Event "Suhr op"]
[Site "Suhr"]
[Date "1992.??.??"]
[Round "8"]
[White "Shabalov, Alexander"]
[Black "Georges, Sacha"]
[Result "1-0"]
[WhiteElo "2535"]
[BlackElo "2320"]

1.d4 Nf6 2.c4 g6 3.Nc3 d5 4.Nf3 Bg7 5.Bg5 Ne4 6.cxd5 Nxg5 7.Nxg5 O-O 8.Nf3 c6
9.dxc6 Nxc6 10.e3 e5 11.d5 e4 12.Nxe4 Nb4 13.Qd2 Qa5 14.Rc1 Bxb2 15.Rc4 Ba3
16.Qc3 Bf5 17.Nfd2 Bxe4 18.Nxe4 b5 19.Nf6+ Kh8 20.Rh4 Nd3+ 21.Ke2  1-0

[Event "Suhr op"]
[Site "Suhr"]
[Date "1992.??.??"]
[Round "9"]
[White "Walti, Rolf"]
[Black "Shabalov, Alexander"]
[Result "0-1"]
[WhiteElo "2210"]
[BlackElo "2535"]

1.b3 e5 2.e3 Nf6 3.Bb2 Nc6 4.Bb5 Bd6 5.Na3 e4 6.Nc4 Be7 7.Bxc6 bxc6 8.Ne2 O-O
9.Ng3 d5 10.Ne5 Qd6 11.f4 Ne8 12.O-O g6 13.f5 Bf6 14.d4 exd3 15.Nxd3 Bxb2
16.Nxb2 Ng7 17.e4 dxe4 18.Qxd6 cxd6 19.f6 Ne6 20.Nxe4 d5 21.Ng3 Ba6 22.Rfe1 h5
23.h4 Rab8 24.c3 Nc5 25.Re7 Rfe8 26.Rae1 Kf8 27.b4 Nd7 28.Rxd7 Rxe1+ 29.Kh2 Rb7
30.Rd8+ Re8 31.Rd6 Rc7 32.Na4 Bc4 33.a3 Ra8 34.Nc5 Ke8 35.Nh1 a5 36.a4 axb4
37.cxb4 Rb8 38.b5 cxb5 39.Na6 Rcb7 40.Nxb8 Rxb8 41.axb5 Rxb5 42.Nf2 Rb7 43.Kg3 Rd7
44.Rc6 Kd8 45.Kf3 Rb7 46.Kf4 Kd7 47.Rc5 Rb2 48.Nh3 Rxg2 49.Ng5 Rf2+ 50.Ke3 Rxf6
51.Ra5 Rf1 52.Ra7+ Kd6 53.Nf3 Kc5 54.Rc7+ Kb4  0-1

[Event "Las Vegas op"]
[Site "Las Vegas"]
[Date "1993.??.??"]
[Round "2"]
[White "Haessler, Carl"]
[Black "Shabalov, Alexander"]
[Result "0-1"]
[WhiteElo "2240"]
[BlackElo "2575"]

1.d4 Nf6 2.Nf3 e6 3.Bg5 h6 4.Bxf6 Qxf6 5.e4 d6 6.Bd3 g6 7.O-O Bg7 8.Nbd2 O-O
9.c3 e5 10.dxe5 dxe5 11.Qe2 Qe7 12.Nc4 a5 13.Ne3 c6 14.Rad1 Qc7 15.Rd2 Na6
16.Rfd1 Nc5 17.Bc2 b5 18.b4 axb4 19.cxb4 Na4 20.Bxa4 Rxa4 21.Rc1 Qb7 22.Rd6 Be6
23.h3 Rxa2 24.Qd3 Ra6 25.Qc3 Rc8 26.Rcd1 c5 27.Rd8+ Rxd8 28.Rxd8+ Kh7 29.Qxc5 Qxe4
30.Qxb5 Ra1+ 31.Rd1 Rxd1+ 32.Nxd1 Qb1 33.Qf1 Qxb4 34.Ne3 e4 35.Ne1 Qd2 36.g3 Bxh3
37.Qxh3 Qxe1+ 38.Kg2 Qe2 39.Qd7 Qf3+ 40.Kg1 h5  0-1

[Event "Las Vegas op"]
[Site "Las Vegas"]
[Date "1993.??.??"]
[Round "3"]
[White "Shabalov, Alexander"]
[Black "Watson, John L"]
[Result "1/2-1/2"]
[WhiteElo "2575"]
[BlackElo "2400"]

1.d4 Nf6 2.Nf3 g6 3.c4 Bg7 4.Nc3 d6 5.h3 O-O 6.e4 e5 7.d5 Nh5 8.Nh2 a5 9.Be2 Nf4
10.Bf3 Na6 11.Be3 Nb4 12.O-O Nbd3 13.Qc2 f5 14.Kh1 b6 15.a3 Nc5 16.b4 Nxe4
17.Nxe4 fxe4 18.Bxe4 Qh4 19.c5 bxc5 20.bxc5 Bf5 21.Bxf5 Rxf5 22.Qe4 Qe7 23.Rad1 Qf7
24.cxd6 cxd6 25.Qc4 e4 26.Qc6 Re8 27.Qxd6 Nxd5 28.Bd4 Bxd4 29.Rxd4 h5 30.Re1 e3
31.fxe3 Nxe3 32.Qc6 Rf6 33.Qc3 Rfe6  1/2-1/2

[Event "Las Vegas op"]
[Site "Las Vegas"]
[Date "1993.??.??"]
[Round "5"]
[White "Shabalov, Alexander"]
[Black "Sutovskij, Emil"]
[Result "1/2-1/2"]
[WhiteElo "2575"]
[BlackElo "2340"]

1.e4 c5 2.Nf3 d6 3.d4 cxd4 4.Nxd4 Nf6 5.Nc3 Nc6 6.Bg5 e6 7.Qd2 a6 8.O-O-O h6
9.Be3 Qc7 10.f4 Bd7 11.h3 b5 12.Bxb5 axb5 13.Ndxb5 Qb8 14.Nxd6+ Bxd6 15.Qxd6 Qxd6
16.Rxd6 Na5 17.b3 Rc8 18.Bd2 Nb7 19.Rd4 Nc5 20.e5 Nd5 21.Nxd5 exd5 22.Rxd5 Be6
23.Rd6 Bf5 24.g4 Be4 25.Rh2 h5 26.Be3 hxg4 27.Bxc5 Rxh3 28.Rhd2 Rxc5  1/2-1/2

[Event "Las Vegas op"]
[Site "Las Vegas"]
[Date "1993.??.??"]
[Round "6"]
[White "Remlinger, Larry"]
[Black "Shabalov, Alexander"]
[Result "0-1"]
[WhiteElo "2340"]
[BlackElo "2575"]

1.d4 Nf6 2.c4 c5 3.d5 e6 4.Nc3 exd5 5.cxd5 g6 6.e4 d6 7.f4 Bg7 8.Bb5+ Nbd7
9.e5 dxe5 10.fxe5 Nh5 11.e6 Qh4+ 12.g3 Nxg3 13.hxg3 Qxh1 14.Be3 Bxc3+ 15.bxc3 a6
16.exd7+ Bxd7 17.Bxd7+ Kxd7 18.Qa4+ b5 19.Qf4 Rhe8 20.O-O-O Qe4 21.Bxc5 Qxf4+
22.gxf4 Rac8 23.Bd4 Re4 24.Nf3 Rxf4 25.Ne5+ Kd6 26.Nc6 Re4 27.Bg1 f5 28.Kc2 h5
29.Kb3 f4 30.Na5 g5 31.Nb7+ Kd7 32.Nc5+ Rxc5 33.Bxc5 g4 34.Rh1 Re5 35.c4 g3
36.Rf1 Re4 37.cxb5 axb5 38.a4 g2 39.Rg1 bxa4+ 40.Kc3 f3 41.Rb1 a3 42.Rb7+ Kc8
43.Ra7 Re1 44.d6 Rc1+  0-1

[Event "New York Enhance"]
[Site "New York"]
[Date "1993.??.??"]
[Round "1"]
[White "Berkovich, Dmitry"]
[Black "Shabalov, Alexander"]
[Result "1/2-1/2"]
[WhiteElo "2400"]
[BlackElo "2590"]

1.d4 d5 2.c4 c6 3.Nf3 Nf6 4.Nc3 e6 5.cxd5 exd5 6.Bg5 Bd6 7.Qc2 Be6 8.e3 Nbd7
9.Bd3 Qc7 10.Bh4 O-O 11.Bg3 a6 12.O-O Rae8 13.b4 Bg4 14.Nd2 Bh5 15.a4 Bg6
16.Rfc1 Bxg3 17.hxg3 Qd6 18.b5 axb5 19.axb5 c5 20.dxc5 Nxc5 21.Bxg6 hxg6
22.Ne2 b6 23.Nb3 Nce4 24.Qc7 Qb4 25.Ned4 Ng4 26.Ra2 Kh7 27.Qxb6 Rc8 28.Qa5 Rxc1+
29.Nxc1 Rc8 30.Ncb3 Qe7 31.Qe1 Rc3 32.f3 Nxg3 33.Qxg3 Qxe3+ 34.Kf1 Rxb3 35.Nxb3 Qxb3
36.Qh4+ Nh6 37.Qa4 Qb1+ 38.Kf2 Nf5 39.Rd2 Qc1 40.Qb4 Qc7 41.b6 Qg3+ 42.Kf1 Ne3+
43.Ke2 Nc4 44.Kd3 Nxd2 45.Qxd2 Qh4 46.Qb2 Qc4+ 47.Kd2 Qf4+ 48.Ke2 Qc4+ 49.Ke1 Qh4+
50.Kf1 Qh1+ 51.Kf2 Qh4+ 52.Ke3 f6 53.b7 Qe1+ 54.Kf4 g5+ 55.Kf5 Qe7 56.Kg4 Qe6+  1/2-1/2

[Event "New York Enhance"]
[Site "New York"]
[Date "1993.??.??"]
[Round "4"]
[White "Shabalov, Alexander"]
[Black "Sokolin, Leonid M"]
[Result "1/2-1/2"]
[WhiteElo "2590"]
[BlackElo "2430"]

1.d4 Nf6 2.c4 e6 3.Nc3 Bb4 4.Qc2 Nc6 5.Nf3 d5 6.Bg5 h6 7.Bxf6 Qxf6 8.e3 dxc4
9.Bxc4 O-O 10.O-O Bd6 11.Rad1 e5 12.Nd5 Qd8 13.dxe5 Nxe5 14.Nxe5 Bxe5 15.f4 Bd6
16.f5 Qg5 17.Rf3 a6 18.Qf2 b5 19.Bb3 Bb7 20.h4 Qd8 21.f6 g6 22.e4 Qe8 23.h5 g5
24.Ne7+ Bxe7 25.fxe7 Qxe7 26.Rf1 Rad8 27.Bxf7+ Kg7 28.Bg6 Rxf3 29.Qxf3 Qc5+
30.Kh1 Rf8 31.Qd3 Rxf1+ 32.Qxf1 Qc4 33.Qe1 Bc8 34.b3 Qd4 35.b4  1/2-1/2

[Event "New York op"]
[Site "New York"]
[Date "1993.??.??"]
[Round "4"]
[White "Shabalov, Alexander"]
[Black "Zapata, Alonso"]
[Result "1-0"]
[WhiteElo "2575"]
[BlackElo "2580"]

1.d4 Nf6 2.c4 d6 3.Nf3 Nbd7 4.Bf4 g6 5.h3 Bg7 6.Nc3 O-O 7.e3 c6 8.Be2 Ne8
9.O-O Nc7 10.Qc2 e5 11.Bh2 Qe7 12.Rad1 f5 13.Rfe1 g5 14.b4 g4 15.hxg4 fxg4
16.Nd2 exd4 17.exd4 Bxd4 18.Nde4 Be5 19.Bxe5 Nxe5 20.Rxd6 Bf5 21.Qd2 Rae8
22.Bf1 Bg6 23.Re3 Ne6 24.c5 Qg7 25.Qe1 Nf4 26.Nf6+ Rxf6 27.Rxe5 Rff8 28.Rxe8 Rxe8
29.Qd2 Qe5 30.Rd4 Rf8 31.Qe3 Qf5 32.Bc4+ Kh8 33.Rd6 h5 34.Qd4+ Kh7 35.Rd7+ Kh6
36.Re7 Qf6 37.Qxf6 Rxf6 38.Rxb7 h4 39.Rd7 h3 40.g3 h2+ 41.Kxh2 Nh3 42.f4 gxf3
43.Rd6 Nf2 44.Rxf6 Ng4+ 45.Kg1 Nxf6 46.Be6 Kg5 47.Kf2 Bh5 48.a4 Bg4 49.Bxg4 Kxg4
50.b5 Kf5 51.bxc6 Ng4+ 52.Kg1 Ke6 53.Nb5 Ke7 54.Nxa7 Kd8 55.Nb5 Ne5 56.c7+ Kc8
57.a5  1-0

[Event "New York Hudson"]
[Site "New York"]
[Date "1993.??.??"]
[Round "4"]
[White "Sherzer, Alex"]
[Black "Shabalov, Alexander"]
[Result "0-1"]
[WhiteElo "2465"]
[BlackElo "2575"]

1.e4 Nf6 2.e5 Nd5 3.d4 d6 4.Nf3 Bg4 5.Be2 e6 6.O-O Be7 7.c4 Nb6 8.h3 Bh5
9.Nc3 O-O 10.Be3 a5 11.exd6 cxd6 12.d5 e5 13.Qb3 N8d7 14.Nxe5 Bxe2 15.Nxd7 Bxc4
16.Bxb6 Bxb3 17.Bxd8 Rfxd8 18.axb3 Rxd7 19.b4 Bd8 20.bxa5 Rxa5 21.Rxa5 Bxa5
22.Ra1 Bd8 23.Ra8 g6 24.Ne4 Kg7 25.Rb8 Bb6 26.g4 f5 27.gxf5 gxf5 28.Ng3 f4
29.Nh5+ Kg6 30.Nxf4+ Kf5 31.Rf8+ Ke4 32.Nh5 Rc7 33.Nf6+ Kd3 34.Kg2 Rc2 35.Nxh7 Rxb2
36.h4 Bd4 37.h5 b5 38.h6 b4 39.Ng5 b3 40.Ne6 Be5 41.Nd8 Re2 42.Nf7 Bf6 43.h7 b2
44.Rb8 Re1 45.Nxd6 b1=Q 46.Rxb1 Rxb1 47.Nf7 Rb7 48.Ng5 Kd4 49.Kg3 Ke5 50.Kg4 Rb4+
51.Kg3 Kf5 52.Nf7 Kg6  0-1

[Event "New York Hudson"]
[Site "New York"]
[Date "1993.??.??"]
[Round "5"]
[White "Shabalov, Alexander"]
[Black "Edelman, Daniel"]
[Result "1/2-1/2"]
[WhiteElo "2575"]
[BlackElo "2400"]

1.d4 Nf6 2.c4 g6 3.Nc3 Bg7 4.e4 d6 5.Nf3 O-O 6.h3 Na6 7.Bg5 Qe8 8.Bd3 e5
9.O-O Nh5 10.Re1 exd4 11.Nd5 f6 12.Bc1 c6 13.Nf4 Nxf4 14.Bxf4 Qd8 15.Nxd4 f5
16.Nf3 fxe4 17.Bg5 Bf6 18.Bxf6 Qxf6 19.Bxe4 Nc5 20.Qd2 Bxh3 21.Ng5 Bf5 22.Bxf5 gxf5
23.b4 Ne4 24.Nxe4 fxe4 25.Rad1 Rae8 26.Qd4 Re5 27.Rd2 d5 28.cxd5 cxd5 29.Qxa7 Rh5
30.Qe3 Qh4 31.Qh3 Qxh3 32.gxh3 Kf7 33.Rc1 Ke6 34.Rc7 Rf7 35.Rc8 Rd7 36.Kg2 d4
37.a4 d3 38.f3 exf3+ 39.Kxf3 Rxh3+ 40.Kg4 Rh1 41.Re8+ Kf6 42.a5 h5+ 43.Kf3 Rf1+
44.Kg2 Rf5 45.Re3 Rfd5 46.Kh3 R7d6 47.Rf2+ Kg6 48.Rg2+ Kh6 49.Rd2 h4 50.Rf3 Kh5
51.Re3 Kg5 52.Rf3 Rd8 53.Rg2+ Kh6 54.Rd2  1/2-1/2

[Event "New York op"]
[Site "New York"]
[Date "1993.??.??"]
[Round "5"]
[White "Waitzkin, Joshua"]
[Black "Shabalov, Alexander"]
[Result "0-1"]
[WhiteElo "2345"]
[BlackElo "2575"]

1.e4 e6 2.d4 d5 3.exd5 exd5 4.c4 Nf6 5.Nc3 Bb4 6.Bd3 c5 7.Ne2 Nc6 8.cxd5 Nxd5
9.dxc5 Bg4 10.O-O Bxc3 11.bxc3 Nxc3 12.Qe1 Qxd3 13.Nxc3+ Be6 14.Qe3 Rd8 15.Rb1 O-O
16.Rxb7 Qa6 17.Rc7 Nd4 18.Bb2 Rfe8 19.h3 Qa5 20.Qg3 Nf5 21.Qf4 Rd4 22.Qe5 f6
23.Qh2 Bc4 24.Rc1 Qb4 25.Ba1 Qa3 26.Rb1 Bxa2 27.Nxa2 Qd3  0-1

[Event "New York op"]
[Site "New York"]
[Date "1993.??.??"]
[Round "7"]
[White "Van Wely, Loek"]
[Black "Shabalov, Alexander"]
[Result "0-1"]
[WhiteElo "2560"]
[BlackElo "2575"]

1.d4 d5 2.Nf3 Nf6 3.c4 c6 4.Nc3 e6 5.Bg5 dxc4 6.e4 b5 7.e5 h6 8.Bh4 g5 9.Nxg5 hxg5
10.Bxg5 Nbd7 11.exf6 Bb7 12.g3 c5 13.d5 Qb6 14.Bg2 O-O-O 15.O-O b4 16.Na4 Qb5
17.a3 Nb8 18.axb4 cxb4 19.Qg4 Bxd5 20.Rfc1 Nc6 21.Bxd5 Rxd5 22.Qxc4 Rd1+
23.Kg2 Qxc4 24.Rxc4 Rxa1 25.Nc3 Kb7 26.Ne4 Ne5 27.Rc2 Nd3 28.Bd2 Rb1 29.Ng5 Rxb2
30.Rxb2 Nxb2 31.Nxf7 Nc4 32.Bxb4 Bxb4 33.Nxh8 a5 34.Nf7 a4 35.Nd8+ Kc8 36.Nxe6 a3
37.Nd4 a2 38.Nc2 Kd7 39.g4 Bc3 40.g5 Na3  0-1

[Event "New York Hudson"]
[Site "New York"]
[Date "1993.??.??"]
[Round "7"]
[White "Yermolinsky, Alex"]
[Black "Shabalov, Alexander"]
[Result "1/2-1/2"]
[WhiteElo "2615"]
[BlackElo "2575"]

1.e4 Nf6 2.e5 Nd5 3.d4 d6 4.Nf3 dxe5 5.Nxe5 Nd7 6.Bc4 c6 7.O-O Nxe5 8.dxe5 Bf5
9.Nd2 e6 10.a3 Be7 11.Ba2 O-O 12.Nb3 Qc7 13.Qe2 Rad8 14.Bb1 Qb6 15.Qf3 f6
16.exf6 Bxf6 17.Qe2 Bh4 18.Bd2 Bxf2+ 19.Qxf2 Bd3 20.Ba5 Qe3 21.Bd2 Qb6 22.Ba5 Qa6
23.cxd3 Rxf2 24.Rxf2 Rf8  1/2-1/2

[Event "New York Enhance"]
[Site "New York"]
[Date "1993.??.??"]
[Round "8"]
[White "Ashley, Maurice"]
[Black "Shabalov, Alexander"]
[Result "1-0"]
[WhiteElo "2435"]
[BlackElo "2590"]

1.e4 e6 2.d4 d5 3.exd5 exd5 4.c4 Nf6 5.Nc3 Bb4 6.Bd3 c5 7.Ne2 Nc6 8.cxd5 Nxd5
9.dxc5 Bg4 10.O-O Bxc3 11.bxc3 Nxc3 12.Qc2 Bxe2 13.Re1 Qd4 14.Bb2 O-O-O 15.Bf5+ Kc7
16.Bxc3 Bd3 17.Qc1 Qc4 18.Re4 Nd4 19.Qf4+ Kc6 20.Bxd4 Rd5 21.Bxg7 Qxc5 22.Rc1  1-0

[Event "US op"]
[Site "Philadelphia"]
[Date "1993.??.??"]
[Round "?"]
[White "Weeramantry, Sunil"]
[Black "Shabalov, Alexander"]
[Result "0-1"]
[WhiteElo "2270"]
[BlackElo "2590"]

1.e4 Nf6 2.Nc3 d5 3.e5 Nfd7 4.Nxd5 Nxe5 5.Ne3 Nbc6 6.b3 e6 7.Bb2 Bc5 8.Qh5 Bd4
9.c3 Bxe3 10.dxe3 Nd3+ 11.Bxd3 Qxd3 12.Rd1 Qc2 13.Qe2 Qg6 14.Nf3 e5 15.Ba3 Bd7
16.e4 O-O-O 17.O-O Bg4 18.Qe3 f5 19.Rd5 f4 20.Qe2 Rxd5 21.exd5 e4 22.Nh4 Bxe2
23.Nxg6 hxg6 24.Re1 f3 25.dxc6 b6 26.Bc1 Re8 27.h4 Re6 28.Be3 Rxc6 29.Bd4 Rd6
30.g4 Rd7 31.Kh2 c5 32.Be3 Rd3 33.Kg3 Rxc3 34.h5 gxh5 35.gxh5 Kd7 36.Kf4 Ke6
37.h6 gxh6 38.Rh1 Rc2 39.Rxh6+ Kd5 40.a4 Rc3 41.a5  0-1

[Event "World op"]
[Site "Philadelphia"]
[Date "1993.??.??"]
[Round "?"]
[White "Shabalov, Alexander"]
[Black "Fedorowicz, John P"]
[Result "1/2-1/2"]
[WhiteElo "2590"]
[BlackElo "2545"]

1.d4 Nf6 2.Nf3 g6 3.c4 Bg7 4.Nc3 d5 5.Bg5 Ne4 6.cxd5 Nxg5 7.Nxg5 e6 8.Nf3 exd5
9.e3 c6 10.Bd3 O-O 11.O-O Qd6 12.Rb1 Nd7 13.b4 a6 14.a4 b5 15.a5  1/2-1/2

[Event "World op"]
[Site "Philadelphia"]
[Date "1993.??.??"]
[Round "5"]
[White "Remlinger, Larry"]
[Black "Shabalov, Alexander"]
[Result "1/2-1/2"]
[WhiteElo "2395"]
[BlackElo "2590"]

1.d4 f5 2.g3 Nf6 3.Bg2 g6 4.Nf3 Bg7 5.c4 O-O 6.Nc3 d6 7.d5 e5 8.dxe6 Nc6
9.Ng5 Qe7 10.Nd5 Nxd5 11.cxd5 Ne5 12.h4 c6 13.Nh3 cxd5 14.Nf4 d4 15.Nd5 Qe8
16.e7 Rf7 17.Bg5 Bd7 18.Nc7 Qb8 19.Nxa8 h6 20.Qb3 hxg5 21.Bxb7 Qe8 22.Rc1 d3
23.Bd5 dxe2 24.hxg5 Qxe7 25.f4 Kf8 26.fxe5 Qxg5 27.Kxe2 Re7 28.e6 Qg4+ 29.Kf1 Bf6
30.Rc3 Bxc3 31.bxc3 Qxg3 32.Qb4 Qd3+ 33.Kf2 Qd2+ 34.Kg3  1/2-1/2

[Event "US op"]
[Site "Philadelphia"]
[Date "1993.??.??"]
[Round "6"]
[White "Yermolinsky, Alex"]
[Black "Shabalov, Alexander"]
[Result "1/2-1/2"]
[WhiteElo "2605"]
[BlackElo "2590"]

1.d4 e6 2.e4 d5 3.Nc3 Nf6 4.e5 Nfd7 5.f4 c5 6.Nf3 Nc6 7.Be3 Qb6 8.Bb5 cxd4
9.Nxd4 Nxd4 10.Qxd4 Qxd4 11.Bxd4 a6 12.Bd3 b5 13.h4 Bb7 14.O-O-O  1/2-1/2

[Event "World op"]
[Site "Philadelphia"]
[Date "1993.??.??"]
[Round "7"]
[White "Rao, Vivek"]
[Black "Shabalov, Alexander"]
[Result "0-1"]
[WhiteElo "2420"]
[BlackElo "2590"]

1.d4 Nf6 2.c4 c5 3.d5 e6 4.Nc3 exd5 5.cxd5 g6 6.d6 Qb6 7.Bf4 Qxb2 8.Be5 Ne4
9.Rc1 f6 10.Nxe4 Qxe5 11.Rxc5 Qxe4 12.Rxc8+ Kf7 13.Qb3+ Kg7 14.Rc4 Qd5 15.e4 Qa5+
16.Kd1 Qb6 17.Qxb6 axb6 18.Rc2 Bxd6 19.Bc4 Bc5 20.f3 Nc6 21.Ne2 Ra3 22.Rc3 Ra5
23.Kc1 Nb4 24.Kb1 Rha8 25.Rd1 d5 26.Bxd5 Nxa2 27.Bxa2 Rxa2 28.Rd7+ Kh6 29.Rc2 Ra1+
30.Kb2 R8a2+ 31.Kc3 Ra4 32.Rxb7 Rb4 33.Rb2 Ra3+ 34.Kc2 Rc4+ 35.Kd1 Be3 36.Ng3 Rc1+
37.Ke2 Rg1 38.R7xb6 Bxb6 39.Rxb6 Rxg2+ 40.Kf1 Rxh2  0-1